Infografias de ingresos y deudas del sector pb︢lico

Detalles Bibliográficos
Formato: eBook
Lenguaje:español
Publicado: Mx̌ico D.F.: Cm̀ara de Diputados, 2015
Materias:
Acceso en línea:Acceso restringido

MARC

LEADER 00000nam a22000007a 4500
005 20180226181242.0
007 cr|||| ||||
008 180226c20159999mx mr|| s||||f0|||a1spa d
035 |a 20989 
040 |a vLex 
090 |c 7417  |d 7417 
245 0 0 |a Infografias de ingresos y deudas del sector pb︢lico  |h [Recurso electrn̤ico] 
256 |a Servicio en ln̕ea 
260 |a Mx̌ico D.F.:  |b Cm̀ara de Diputados,  |c 2015 
300 |a 1 recurso electrn̤ico 
310 |a Mensual 
506 |a Disponible solo en los productos indicados  |d vLex Global  |d vLex Global (Academic Edition, excluding Law Schools)  |d vLex Global (U.S. Academic Edition, Law Schools)  |d vLex Global (U.S. Academic Edition, excluding Law Schools)  |d vLex Global (Academic Edition, Law Schools) 
650 0 4 |a Presupuestos  |z Mx̌ico 
650 0 4 |a Sector pb︢lico  |z Mx̌ico 
740 0 |a vLex Revistas (Servicio en ln̕ea) 
856 4 0 |u http://vlex.com/source/infografias-ingresos-deudas-sector-publico-20989  |z Acceso restringido 
942 |c REV 
999 0 |a Budget